Stationary subdivision

Αποθηκεύτηκε σε:
Λεπτομέρειες βιβλιογραφικής εγγραφής
Κύριος συγγραφέας: Cavaretta, Alfred S. 1944-
Συγγραφή απο Οργανισμό/Αρχή: American Mathematical Society
Άλλοι συγγραφείς: Dahmen, Wolfgang 1949-, Micchelli, Charles A.
Μορφή: Βιβλίο
Γλώσσα:English
Δημοσίευση: Providence, R.I. : American Mathematical Society, 1991
Σειρά:Memoirs of the American Mathematical Society ; ; no. 453
Θέματα:
Ετικέτες: Προσθήκη ετικέτας
Δεν υπάρχουν, Καταχωρήστε ετικέτα πρώτοι!

MARC

LEADER 00000cam a2200000 i 4500
001 1/51335
008 941103s1991 eng d
020 |a 0821825070 
035 |l 10044114 
035 |a 1993 
040 |a GR-MY-UA  |b gre  |e aacr 
041 0 |a eng 
082 0 |a 511.42  |2 (20) 
100 1 |a Cavaretta, Alfred S.  |d 1944- 
245 1 0 |a Stationary subdivision /  |c Alfred S. Cavaretta, Wolfgang Dahmen, Charles A. Micchelli 
260 |a Providence, R.I. :   |b American Mathematical Society,   |c 1991 
300 |a vi, 186 p.;  |c 25 cm 
490 1 |a Memoirs of the American Mathematical Society  |v ; no. 453  |x 0065-9266 
504 |a Includes bibliographical references (p. 182-185) 
650 0 0 |a Spline theory. 
650 0 0 |a Algorithms. 
650 0 0 |a Computer graphics. 
700 1 |a Dahmen, Wolfgang  |d 1949- 
700 1 |a Micchelli, Charles A. 
710 2 |a American Mathematical Society. 
830 0 |a Memoirs of the American Mathematical Society ;  |v ; no. 453 
852 |a INST  |b SAMOS  |e 19941103  |h 511.42 CAV  |p 005300002503  |q 005300002503  |t BK  |y 0 
909 |a Σ  |b 030156